000 01131nam a2200217 a 4500
001 000046139
003 OSt
005 20201117145129.0
008 150626s2002 dr 000 0 spa d
020 _a9993402400
040 _aDO-SdBNP
_bspa
_cBNPHU
082 _axxxx
_bxxxx
100 1 _aFernández P., Enrique
_914030
245 1 0 _aGuía para la inversión social corporativa en la República Dominicana /
_cEnrique Fernández P. ; prólogo José A. León.
260 _aSanto Domingo :
_bAlianza ONG,
_c2002.
300 _a89 [4] p. ;
_c21 cm.
504 _aBibliografía : p. 79-80
505 0 _aFilantropía e inversión social --
_tAlianzas estratégicas para que ganemos todos --
_tFundaciones corporativas o acción corporativa directa --
_tIdentificando socio para la labor filantrópica --
_tEnfocando sectores estratégicos --Al César lo que es del César y a Dios lo que es de Dios --
_tLa gerencia de la inversión social corporativa --
_tImagen e información pública sobre la inversión social de la empresa --
_tVoluntariado y compromiso personal.
700 1 2 _aLeón, José A.,
_epról.
_919117
942 _2ddc
_cLBS1
999 _c45628
_d45628